UM Logo

Police patrol operations with police communications systems/ (Record no. 3658)

MARC details
000 -LEADER
fixed length control field 00559nam a22001697a 4500
008 - FIXED-LENGTH DATA ELEMENTS--GENERAL INFORMATION
fixed length control field 160803b xxu||||| |||| 00| 0 eng d
020 ## - INTERNATIONAL STANDARD BOOK NUMBER
International Standard Book Number 978-971-9647-04-1
082 ## - DEWEY DECIMAL CLASSIFICATION NUMBER
Classification number DFil 363.232 Sa15 2016
100 ## - MAIN ENTRY--PERSONAL NAME
9 (RLIN) 12184
Personal name Sadaran, Renato B.
245 ## - TITLE STATEMENT
Title Police patrol operations with police communications systems/
Statement of responsibility, etc. Renato B. Sadaran.
250 ## - EDITION STATEMENT
Edition statement Second edition.
260 ## - PUBLICATION, DISTRIBUTION, ETC. (IMPRINT)
Place of publication, distribution, etc. Quezon City:
Name of publisher, distributor, etc. ChapterHouse Pub.,
Date of publication, distribution, etc. c2016.
300 ## - PHYSICAL DESCRIPTION
Extent 180 pages;
Dimensions 22 cm.
500 ## - GENERAL NOTE
General note Includes bibliographical references.
650 #0 - SUBJECT ADDED ENTRY--TOPICAL TERM
9 (RLIN) 12185
Topical term or geographic name as entry element Police patrol.
942 ## - ADDED ENTRY ELEMENTS (KOHA)
Source of classification or shelving scheme Dewey Decimal Classification
Koha item type Filipiniana
Holdings
Withdrawn status Lost status Source of classification or shelving scheme Damaged status Not for loan Collection code Home library Current library Shelving location Date acquired Source of acquisition Cost, normal purchase price Total Checkouts Full call number Barcode Date last seen Date last checked out Copy number Price effective from Koha item type
    Dewey Decimal Classification     Filipiniana UM Digos College - LIC UM Digos College - LIC Book Cart 07/25/2016 Purchased 406.00 3 DFil 363.232 Sa15 2016 24129 03/26/2026 03/24/2026 1 08/03/2016 Filipiniana
    Dewey Decimal Classification     Filipiniana UM Digos College - LIC UM Digos College - LIC   07/25/2016 Purchased 406.00   DFil 363.232 Sa15 2016 24130 05/15/2025   2 08/03/2016 Filipiniana
    Dewey Decimal Classification     Filipiniana UM Digos College - LIC UM Digos College - LIC   07/25/2016 Purchased 406.00   DFil 363.232 Sa15 2016 24131 05/15/2025   3 08/03/2016 Filipiniana
    Dewey Decimal Classification     Filipiniana UM Digos College - LIC UM Digos College - LIC   07/25/2016 Purchased     DFil 363.232 Sa15 2016 24132 05/15/2025   4 08/03/2016 Filipiniana
    Dewey Decimal Classification     Filipiniana UM Digos College - LIC UM Digos College - LIC   07/25/2016 Purchased 406.00   DFil 363.232 S1p 2016 24133 08/03/2016   5 08/03/2016 Filipiniana